| 000 | 00480nam a2200205 a 4500 | ||
|---|---|---|---|
| 005 | 20210219153004.0 | ||
| 008 | 991125n 000 0 u | ||
| 035 | _aUPN01000071273 | ||
| 100 | _aLEVY, Tony | ||
| 222 | _aCORREO DE LA UNESCO | ||
| 245 | _aDel número a la palabra | ||
| 300 | _a9-13 | ||
| 362 | _a1993 Año 46, nov. | ||
| 653 | 0 | _aALFABETO | |
| 653 | 0 | _aESCRITURA | |
| 653 | 0 | _aHISTORIA | |
| 653 | 0 | _aNUMEROS | |
| 904 |
_aAC _b009084 |
||
| 905 | _aArticulo | ||
| 999 |
_c65607 _d65607 |
||